Táncvizsga
26.10.1912 sa uskutočnia záverečné skúšky tanečného kurzu, vedeného tanečným majstrom Bartolomejom (Bertalan) Fuchsom. O podujatie je mimoriadny záujem.
| Médium: | Článok |
|---|---|
| Jazyk: | Hungarian |
| Témy: | |
| Zdroj: |
1. Sajó-Vidék : Vegyestartalmú hetilap 1. Roč. 15, č. 43 (24.10.1912) s. 3 |
| LEADER | 00895nab#a2200289#ar4500 | ||
|---|---|---|---|
| 001 | 000073582 | ||
| 003 | SVKKK | ||
| 005 | 19971002xxxxxxx. | ||
| 008 | 06 c xo huno | ||
| FMT | |||
| 038 | |a SVKKK | ||
| 040 | |a SVKKK |b slo |e AACR2 | ||
| 041 | 0 | |a hun | |
| 044 | |a xo |c SK | ||
| 080 | |a 793 | ||
| 242 | 1 | 0 | |a Tančná skúška |
| 245 | 0 | 0 | |a Táncvizsga |
| 520 | 2 | |a 26.10.1912 sa uskutočnia záverečné skúšky tanečného kurzu, vedeného tanečným majstrom Bartolomejom (Bertalan) Fuchsom. O podujatie je mimoriadny záujem. | |
| 650 | 0 | 4 | |a kurzy tanečné - Fuchs, Bartolomej (učiteľ tanca) - Rožňava - 26.10.1912 - skúšky záverečné - správa |
| 773 | 0 | |t Sajó-Vidék : Vegyestartalmú hetilap |g Roč. 15, č. 43 (24.10.1912) s. 3 | |
| 957 | |a Rožňava | ||
| 958 | |a DG | ||
| 958 | |a SK | ||
| 974 | |a ebl |d 19971002 | ||
| 992 | |a RBX | ||
| BAS | |||
| 998 | |a RETRO | ||